<?xml version="1.0" encoding="UTF-8"?>
<collection xmlns="http://www.loc.gov/MARC21/slim">
 <record>
  <leader>01523nam a22002417a 4500</leader>
  <controlfield tag="001">NCT_146337</controlfield>
  <controlfield tag="008">230331b        xxu||||| |||| 00| 0 vie d</controlfield>
  <datafield tag="999" ind1=" " ind2=" ">
   <subfield code="c">7536</subfield>
   <subfield code="d">7536</subfield>
  </datafield>
  <datafield tag="020" ind1=" " ind2=" ">
   <subfield code="c">40000</subfield>
  </datafield>
  <datafield tag="082" ind1="0" ind2="4">
   <subfield code="2">23rd ed.</subfield>
   <subfield code="a">333.76</subfield>
   <subfield code="b">Ph429</subfield>
  </datafield>
  <datafield tag="100" ind1="1" ind2=" ">
   <subfield code="a">Trần An Phong</subfield>
   <subfield code="e">Chủ biên</subfield>
  </datafield>
  <datafield tag="245" ind1="1" ind2="0">
   <subfield code="a">Cơ sở khoa học bố trí sử dụng đất nông nghiệp vùng đồng bằng Sông Cửu Long</subfield>
   <subfield code="c">Trần An Phong (Chủ biên); Nguyễn Mạnh Hùng, Nguyễn Văn Nhân, Hoàng Văn Thái, Tào Quốc Tuấn</subfield>
  </datafield>
  <datafield tag="260" ind1=" " ind2=" ">
   <subfield code="a">Tp. Hồ Chí Minh</subfield>
   <subfield code="b">Nông nghiệp</subfield>
   <subfield code="c">1986</subfield>
  </datafield>
  <datafield tag="300" ind1=" " ind2=" ">
   <subfield code="a">147 tr.</subfield>
   <subfield code="c">21 cm</subfield>
  </datafield>
  <datafield tag="520" ind1="3" ind2=" ">
   <subfield code="a">Nội dung sách giới thiệu những công tình mà các tác giả đã nghiên cứu nhiều năm về: đất đai, khí hậu, thổ nhưỡng, các vùng sinh thái và hướng dẫn đầu tư, xây dựng, cải tạo, sử dụng đất nông nghiệp vùng Đồng bằng Sông Cửu Long trong những năm trước mắt và hướng lâu dài sau này.</subfield>
  </datafield>
  <datafield tag="653" ind1=" " ind2=" ">
   <subfield code="a">Quản lý Đất đai</subfield>
  </datafield>
  <datafield tag="700" ind1="1" ind2=" ">
   <subfield code="a">Nguyễn Mạnh Hùng</subfield>
  </datafield>
  <datafield tag="700" ind1="1" ind2=" ">
   <subfield code="a">Nguyễn Văn Nhân</subfield>
  </datafield>
  <datafield tag="700" ind1="1" ind2=" ">
   <subfield code="a">Hoàng Văn Thái</subfield>
  </datafield>
  <datafield tag="700" ind1="1" ind2=" ">
   <subfield code="a">Tào Quốc Tuấn</subfield>
  </datafield>
  <datafield tag="942" ind1=" " ind2=" ">
   <subfield code="2">ddc</subfield>
   <subfield code="c">BK</subfield>
  </datafield>
  <datafield tag="952" ind1=" " ind2=" ">
   <subfield code="0">0</subfield>
   <subfield code="1">0</subfield>
   <subfield code="2">ddc</subfield>
   <subfield code="4">0</subfield>
   <subfield code="6">333_760000000000000_PH429</subfield>
   <subfield code="7">0</subfield>
   <subfield code="9">27161</subfield>
   <subfield code="a">000001</subfield>
   <subfield code="b">000001</subfield>
   <subfield code="d">2023-03-31</subfield>
   <subfield code="o">333.76 Ph429</subfield>
   <subfield code="p">MD.21296</subfield>
   <subfield code="r">2023-03-31</subfield>
   <subfield code="v">40000.00</subfield>
   <subfield code="w">2023-03-31</subfield>
   <subfield code="y">BK</subfield>
  </datafield>
  <datafield tag="980" ind1=" " ind2=" ">
   <subfield code="a">Thư viện Trường Đại học Nam Cần Thơ</subfield>
  </datafield>
 </record>
</collection>
